| 000 | 01101nam0a22002891 4500 | ||
|---|---|---|---|
| 001 | rc\3362536 | ||
| 005 | 20250609221243.0 | ||
| 021 |
_aRU _b[71-67790] |
||
| 035 | _a(NLR Aleph) 007526326 | ||
| 090 |
_a7741275 _c7741275 |
||
| 100 | _a20130115d1971 |||y0rusy50 ca | ||
| 101 | 0 | _arus | |
| 102 | _aRU | ||
| 105 | _aa z ||||| | ||
| 200 | 1 |
_aГидроакустические поисковые приборы _e[Учеб. пособие для вузов] |
|
| 205 | _a2-е изд., перераб. и доп. | ||
| 210 |
_aМосква _cПищевая пром-сть _d1971 |
||
| 215 |
_a303 с., 2 отд. л. схем. _cил. _d22 |
||
| 320 | _aСписок лит.: с. 300 | ||
| 606 |
_aГидролокаторы _jУчебники и пособия _2psbo |
||
| 606 |
_aГидроакустика _xПрименение в рыболовстве _jУчебники и пособия _2psbo |
||
| 700 | 1 |
_aЛогинов _bК.В. _gКонстантин Васильевич |
|
| 801 | 0 |
_aRU _bNLR _gpsbo |
|
| 801 | 1 |
_aRU _bELAR _2rusmarc |
|
| 852 |
_aNLR _j71-5/4048 |
||
| 942 | _cBOOK | ||
| 980 | _aNB | ||